000
00422nam a2200133Ia 4500
008
151001s9999||||xx |||||||||||||| ||und||
100
_a
प्रभाकर पेंढारकर
245
_a
एका स्टुडीओचे आत्मवृत्त
250
_a
1
260
_b
राजेंद्र प्रकाशन ठाणे
260
_c
2009
300
_a
196
365
_b
22
999
_c
996381
_d
996378